000 01615nam a22004217a 4500
001 000095319
003 CHAP
005 20220329143105.0
008 060228d2005 mx bd r 00110 spa d
010 _a91785
011 _a92757
035 _a103323
040 _cCHAP
090 _aTesis
100 1 _aQuiros García, Jose Luis.
_993511
245 1 0 _aIdentificación de áreas potenciales para especies forrajeras en el estado de Durango /
_c/por José Luis Quiros García.
260 _aBermejillo, Dgo. :
_bEl autor,
_c2005.
300 _a96 h. :
_bmapas ; cuadros.
502 _aTesis (Ing. Agr. en Sistemas Agrícolas de Zonas Aridas) -- UACH. Unidad Regional Universitaria de Zonas Áridas
590 _aALEPH
_b10
_c20130110
_lUCH01
_h1509
590 _aBATCH-UPD
_b10
_c20130110
_lUCH01
_h0759
590 _aBATCH-UPD
_b10
_c20130410
_lUCH01
_h0438
590 _aBATCH-UPD
_b10
_c20130914
_lUCH01
_h1920
590 _aBATCH-UPD
_b10
_c20140324
_lUCH01
_h1454
590 _aBATCH-UPD
_b10
_c20141002
_lUCH01
_h0828
590 _aCONVERSION
_b10
_c20130109
_lUCH01
_h1351
590 _aE11695DGD
_b10
_c20141006
_lUCH01
_h1042
590 _aE12093SGE
_b10
_c20130607
_lUCH01
_h1250
650 1 4 _aPlantas forrajeras
_xDurango.
_988956
650 1 4 _aPlantas forrajeras
_xVariedades.
_988993
856 _3Finding aid
_uhttp://10.13.5.2/tesis/103323.pdf
_zTeclea aquí
901 _aBK
905 _aMarco A. Mendoza T.
942 _cCD
942 _n0
949 _aTesis
_bBC
_cTES
_d00000001033231
_eTS1
_gDonaciØn
_h44764
_i103323
_sb
949 _aTesis
_bBC
_cTES
_d33724000980066
_eTS2
_fc.2
_gDonaciØn
_h44765
_i103323
_sb
999 _c91785
_d91785